Монти Пайтон - Армагеддон - Statistics

General Stats
  • This quiz has been taken 6 times
  • The average score is 10 of 25
Answers on the Grid
Answers color-coded by a green-red scale on the quiz's grid according to % correct below.
Волшебник страны Оз
Рыбка по имени Ванда
Облачный атлас
Нападение помидоров-убийц
Борат
Американский оборотень в Лондоне
Ничего не вижу, ничего не слышу
Житие Брайана
А теперь нечто совсем другое
Бармаглот
Школа рока
Стража
Маленькая Британия
Космические яйца
Жизнь Пи
Летающий цирк
Священный Грааль
Монахини в бегах
12 обезьян
Бедные-несчастные
Властелин колец: Две башни
Kingsman: Золотое кольцо
Зомби по имени Шон
Как раздражать людей
Страх и ненависть в Лас-Вегасе
Гарри Поттер
Бразилия
Приключения барона Мюнхгаузена
Очень страшное кино 5
Хоббит: Битва пяти воинств
Всё, что вам нужно - это деньги
Смысл жизни
Южный парк: Большой, длинный, необрезанный
Изобретение лжи
Смерть Сталина
Ветер в ивах
Аномализа
Всемирная история
Достать ножи
Жёлтая борода
Крысиные бега
Эквилибриум
Всё могу
Король-рыбак
Эрик-викинг
Такси 3
Дживс и Вустер
Спамалот
Идиократия
Страна приливов
 
Answer Stats
Answer % Correct
Летающий цирк
75%
Священный Грааль
75%
Страх и ненависть в Лас-Вегасе
75%
Бразилия
75%
Приключения барона Мюнхгаузена
75%
Король-рыбак
75%
Житие Брайана
50%
Бармаглот
50%
Как раздражать людей
50%
Гарри Поттер
50%
12 обезьян
50%
Рыбка по имени Ванда
25%
А теперь нечто совсем другое
25%
Монахини в бегах
25%
Всё, что вам нужно - это деньги
25%
Смысл жизни
25%
Южный парк: Большой, длинный, необрезанный
25%
Смерть Сталина
25%
Ветер в ивах
25%
Жёлтая борода
25%
Крысиные бега
25%
Всё могу
25%
Эрик-викинг
25%
Страна приливов
25%
Спамалот
0%
No matching quizzes found
Score Distribution
Percent of People with Each Score
Percentile by Number Answered
Your Score History
You have not taken this quiz